|
|
|
|
| LEADER |
00000cam a2200000 7i4500 |
| 001 |
0000007163 |
| 002 |
000007707 |
| 005 |
20000330.0 |
| 020 |
|
|
|a 9830571483
|
| 090 |
0 |
0 |
|a JF
|b ABD
|
| 100 |
0 |
|
|a Abd.Hadi
|
| 245 |
1 |
4 |
|a The cat
|c Abd Hadi
|
| 260 |
|
|
|a Kuala Lumpur :
|b Goodmark Enterprise ,
|c 1996
|
| 300 |
|
|
|a 24p. :
|b ill ;
|c 28cm.
|
| 490 |
0 |
|
|a Bukit Kiara young reader series
|
| 650 |
0 |
0 |
|a Children's stories
|
| 999 |
|
|
|a 054457
|b BUKU
|c PINJAMAN
|e PERPUSTAKAAN KOMUNITI CAW KOTA DAMANSARA
|
| 999 |
|
|
|a 054761
|b BUKU
|c PINJAMAN
|e PERPUSTAKAAN KOMUNITI CAW KOTA DAMANSARA
|
| 999 |
|
|
|a 054762
|b BUKU
|c PINJAMAN
|e PERPUSTAKAAN KOMUNITI CAW KOTA DAMANSARA
|